000 00796nam a2200241 a 4500
003 CBULib
005 20240801094151.0
008 150729s2014 ||||||||||||||||| || u
040 _aCBULib
_bEnglish
_cCBULib
_erda
041 _aeng
050 _aUNCTAD(058)SCD/2014
110 _aUnited Nations Conference on Trade and Development (UNCTAD)
245 1 0 _aState of commodity dependence : 2014
_c/ by United Nations Conference on Trade and Development (UNCTAD)
260 _aGeneva :
_bUnited Nations,
_c2014
300 _a200 pages : illustrations
336 _2rdacontent
_aText |
_btxt
337 _2rdamedia
_aUnmediated |
_bn
338 _2rdacarrier
_aVolume
_bnc
650 _aECONOMETRICS--DEVELOPMENT
650 0 _aECONOMICS
650 _aECONOMETRICS--CONGRESSES
942 _2mc
_c029
999 _c58205
_d58205